| 000 -LEADER |
| fixed length control field |
00758cam a2200205 i 4500 |
| 003 - CONTROL NUMBER IDENTIFIER |
| control field |
OSt |
| 005 - DATE AND TIME OF LATEST TRANSACTION |
| control field |
20260214123818.0 |
| 008 - FIXED-LENGTH DATA ELEMENTS--GENERAL INFORMATION |
| fixed length control field |
120924s2012 ctua 000 0 eng |
| 010 ## - LIBRARY OF CONGRESS CONTROL NUMBER |
| LC control number |
2012038781 |
| 020 ## - INTERNATIONAL STANDARD BOOK NUMBER |
| International Standard Book Number |
9780393733518 |
| Qualifying information |
pbk. |
| 082 00 - DEWEY DECIMAL CLASSIFICATION NUMBER |
| Classification number |
724/.7 |
| Edition number |
23 |
| 245 00 - TITLE STATEMENT |
| Title |
Architecture inserted : |
| Remainder of title |
Eric Bunge and Mimi Hoang, Chris Perry, Liza Fior with Katherine Clarke ; edited by Nina Rappaport with Francisco Waltersdorfer and David Yang. |
| 300 ## - PHYSICAL DESCRIPTION |
| Extent |
160 pages : |
| Other physical details |
illustrations ; |
| Dimensions |
30 cm. |
| 490 0# - SERIES STATEMENT |
| Series statement |
Louis I. Kahn visiting assistant professorship |
| 650 #0 - SUBJECT ADDED ENTRY--TOPICAL TERM |
| Topical term or geographic name as entry element |
Architecture |
| General subdivision |
Human factors. |
| 650 #0 - SUBJECT ADDED ENTRY--TOPICAL TERM |
| Topical term or geographic name as entry element |
City planning |
| General subdivision |
Social aspects. |
| 700 1# - ADDED ENTRY--PERSONAL NAME |
| Personal name |
Rappaport, Nina, |
| Relator term |
editor. |
| 710 2# - ADDED ENTRY--CORPORATE NAME |
| Corporate name or jurisdiction name as entry element |
Yale University. |
| Subordinate unit |
School of Architecture. |
| 942 ## - ADDED ENTRY ELEMENTS (KOHA) |
| Source of classification or shelving scheme |
|